| 000 | 00691cam a22002171 4500 | ||
|---|---|---|---|
| 001 | sa 65004574 | ||
| 003 | DLC | ||
| 005 | 20260227112131.0 | ||
| 008 | 890420s1964 io 000 0 ind | ||
| 010 | _asa 65004574 | ||
| 035 | _a(OCoLC)23546773 | ||
| 040 |
_aDLC _cMiU _dDLC |
||
| 042 | _apremarc | ||
| 043 | _aa-io--- | ||
| 050 | 0 | 0 |
_aHC447 _b.A74 |
| 100 | 1 |
_aAidit, D. N., _d1923-1965. |
|
| 245 | 1 | 0 |
_aPemetjahan masalah ekonomi dan ilmu ekonomi Indonesia dewasa ini. _bPrasaran dimuka Musjawarah Besar Sardjana Ekonomi Indonesia tgl. 8 Djuli 1964 di Djakarta, |
| 260 |
_aDjakarta, _bJajasan Pembaruan, _c1964. |
||
| 300 |
_a42 p. _c21 cm. |
||
| 651 | 0 |
_aIndonesia _xEconomic conditions |
|
| 999 |
_c63833 _d63833 |
||